| 000 | 01597cam a2200421Ia 4500 | ||
|---|---|---|---|
| 001 | 10597813 | ||
| 003 | OSt | ||
| 005 | 20170105101217.0 | ||
| 006 | m u | ||
| 007 | cr cn||||||||| | ||
| 008 | 070112r20072004nju sb 001 0 eng d | ||
| 010 | _z 2008299762 | ||
| 020 | _z9780691130613 (pbk.) | ||
| 020 | _z9781400829460 | ||
| 020 | _z0691130612 (pbk.) | ||
| 035 | _a(CaPaEBR)ebr10632188 | ||
| 035 | _a(NNC)10597813 | ||
| 040 |
_aCaPaEBR _cCaPaEBR |
||
| 050 | 1 | 4 |
_aQA269 _b.V65 2007eb |
| 100 | 1 |
_aVon Neumann, John, _d1903-1957. |
|
| 245 | 1 | 0 |
_aTheory of games and economic behavior _h[electronic resource] / _cJohn von Neumann and Oskar Morgenstern. |
| 250 |
_a60th anniversary ed. / _bwith an introduction by Harold W. Kuhn /and an afterword by Ariel Rubinstein. |
||
| 260 |
_aPrinceton, N.J. ; _aWoodstock : _bPrinceton University Press, _c2007. |
||
| 300 | _axxxii, 739 p. | ||
| 490 | 1 | _aPrinceton classic editions | |
| 500 | _aThis ed. originally published: 2004. | ||
| 504 | _aIncludes bibliographical references and index. | ||
| 533 |
_aElectronic reproduction. _bPalo Alto, Calif. : _cebrary, _d2013. _nAvailable via World Wide Web. _nAccess may be limited to ebrary affiliated libraries. |
||
| 650 | 0 | _aGame theory. | |
| 650 | 0 | _aEconomics, Mathematical. | |
| 655 | 7 |
_aElectronic books. _2local |
|
| 700 | 1 |
_aMorgenstern, Oskar, _d1902-1977. |
|
| 710 | 2 | _aebrary, Inc. | |
| 830 | 0 | _aPrinceton classic editions. | |
| 856 | 4 | 0 |
_uhttp://www.columbia.edu/cgi-bin/cul/resolve?clio10597813 _zClick here for full text. |
| 942 |
_2ddc _cBK |
||
| 999 |
_c3453 _d3453 |
||